[Event "Hessen-ch Gr-F 62nd"]
[Site "Hanau"]
[Date "2008.03.23"]
[Round "5"]
[White "Bodensohn, Rebekka"]
[Black "Krebs, Caroline"]
[Result "1/2-1/2"]
[WhiteElo "1156"]
[BlackElo "998"]
[PlyCount "28"]
[EventDate "2008.03.21"]
[EventType "swiss"]
[EventRounds "5"]
[EventCountry "GER"]
[SourceTitle "CBM 123 Extra"]
[Source "ChessBase"]
[SourceDate "2008.05.06"]
[SourceVersion "1"]
[SourceVersionDate "2008.05.06"]
[SourceQuality "1"]

1. e4 e5 2. Nf3 Nc6 3. Nc3 Nf6 4. a3 d5 5. exd5 Nxd5 6. Bc4 Nxc3 7. bxc3 Bc5 8. d3 0-0 9. 0-0 Bg4 10. Re1 Re8 11. Be3 Bb6 12. Bxb6 axb6 13. Re4 Bh5 14. Qc1 Bxf3 1/2-1/2

[Event "GER-chT U14 Girls"]
[Site "Burg Stargard"]
[Date "2006.12.30"]
[Round "7.4"]
[White "Krebs, Caroline"]
[Black "Weidemann, Leandra Marie"]
[Result "0-1"]
[WhiteElo "947"]
[BlackElo "836"]
[PlyCount "88"]
[EventDate "2006.12.27"]
[EventType "team-swiss"]
[EventRounds "7"]
[EventCountry "GER"]
[SourceTitle "EXT 2008"]
[Source "ChessBase"]
[SourceDate "2007.11.25"]
[SourceVersion "1"]
[SourceVersionDate "2007.11.25"]
[SourceQuality "1"]
[WhiteTeam "Kahl am Main U14 Girls"]
[BlackTeam "Erftstadt SV U14 Girls"]
[WhiteTeamCountry "GER"]
[BlackTeamCountry "GER"]

1. e4 e5 2. Nf3 Nc6 3. Bc4 Nd4 4. Nxd4 exd4 5. d3 Bc5 6. c3 dxc3 7. Nxc3 d6 8. Qh5 Qf6 9. 0-0 Be6 10. Nd5 Bxd5 11. Bxd5 0-0-0 12. Qxf7 Qxf7 13. Bxf7 Nf6 14. h3 Rhf8 15. Be6+ Nd7 16. Be3 Bxe3 17. fxe3 Rde8 18. Rxf8 Rxf8 19. Rf1 Kd8 20. Bxd7 Rxf1+ 21. Kxf1 Kxd7 22. d4 Ke6 23. e5 dxe5 24. dxe5 Kxe5 25. Ke2 Ke4 26. g4 g5 27. b4 b5 28. a3 h6 29. Kd2 c6 30. Ke2 Kd5 31. Kd3 c5 32. bxc5 Kxc5 33. e4 a5 34. Kc3 b4+ 35. axb4+ axb4+ 36. Kd3 b3 37. Kc3 b2 38. Kxb2 Kd4 39. Kc2 Kxe4 40. Kd2 Kf3 41. Ke1 Kg3 42. Kf1 Kxh3 43. Kf2 Kxg4 44. Kg2 h5 0-1